00464 2200169 4500245008700000020001800087250001100105100001500116700002300131650001800154005001900172260004300191041001400234084001000248300002700258336000900285 aChange Your Dreams !!! b : Mengubah Mimpi Menjadi KeberhasilancEnjang AS.hText a979-3782-50-8 aCet. 4 aEnjang AS. aNunik Siti Nurbaya aMotivasi Diri a20230221133345 aBandungbSimbiosa Rekatama Mediac2013 aIndonesia a153.8 avi, 150 hlm. :c18 cm. atext